000 02309cam a2200289 i 4500
003 SA-RiAUC
005 20241128123927.0
008 241127s1994 mr g f000 0 ara c
040 _aSA-RiAUC
_bara
_cSA-RiAUC
_erda
082 0 4 _a210.2
090 _a210.2
_b ق ا ض
100 1 _aالقاضي عياض، عياض بن موسى بن عياض،
_d476-544 هجري
_eمؤلف.
245 1 2 _aالإعلام بحدود قواعد الإسلام /
_cتأليف أبي الفضل عياض بن موسى بن عياض اليحصبي السبتي ؛ تحقيق محمد بن تاويت الطنجي.
250 _aالطبعة الخامسة.
264 1 _aالرباط :
_bوزارة الاوقاف والشئون الاسلامية،
_c1994
264 3 _aالمحمدية، المغرب :
_bمطبعة فضالة
300 _a141 صفحة ؛
_c24 سم
336 _aنص
_btxt
_2rdacontent
_3كتاب
337 _aبدون وسيط
_bn
_2rdamedia
338 _aمجلد
_bnc
_2rdacarrier
650 7 _aالإسلام
_2aucsh
700 1 _aالطنجي، محمد بن تاويت،
_d1911-1974
_eمحقق.
856 _uhttp://saaid.net/book/open.php?cat=87&book=4742
_yExternal Link
_2 نرجو الانتباه لإمكانية وجود اختلاف في الطبعة أو الناشر بين البيانات على البوابة وما ستجده على الكتاب نظرا لمحدودية المعلومات المتاحة على الموقع الناشر للمادة.
_3Please note that there may be a difference in the edition or publisher between the data on the portal and the book due to the limited information available on the publisher website for the material.
856 _uhttp://saaid.net/book/10/3548.rar
_yDigital Copy
_2 نرجو الانتباه لإمكانية وجود اختلاف في الطبعة أو الناشر بين البيانات على البوابة وما ستجده على الكتاب نظرا لمحدودية المعلومات المتاحة على الموقع الناشر للمادة.
_3Please note that there may be a difference in the edition or publisher between the data on the portal and the book due to the limited information available on the publisher website for the material.
942 _2ddc
_cBOOK
_n0
949 _aSA-JeALM
_d241127
_uosman123
_n1
999 _c2843
_d2843